Micro-Economics-ii/ (Record no. 196950)
[ view plain ]
| 000 -LEADER | |
|---|---|
| fixed length control field | 00543nam a22001817a 4500 |
| 005 - DATE AND TIME OF LATEST TRANSACTION | |
| control field | 20231205161609.0 |
| 010 ## - LCCN (DPL NO) | |
| LC control number | ENG-137757 |
| 020 ## - INTERNATIONAL STANDARD BOOK NUMBER | |
| International Standard Book Number | 9789392080333 |
| Terms of availability | 375.00 |
| 035 ## - SYSTEM CONTROL NUMBER | |
| System control number | EN-121288 |
| 037 ## - SOURCE OF ACQUISITION | |
| Source of stock number/acquisition | DBAD |
| 082 ## - DEWEY DECIMAL CLASSIFICATION NUMBER | |
| Classification number | 338.5 |
| 100 ## - MAIN ENTRY--PERSONAL NAME | |
| Personal name | Chaturvedi, D. D. |
| 245 ## - TITLE STATEMENT | |
| Title | Micro-Economics-ii/ |
| Statement of responsibility, etc | By D.D Chaturvedi |
| 260 ## - PUBLICATION, DISTRIBUTION, ETC. (IMPRINT) | |
| Place of publication, distribution, etc | new delhi |
| Name of publisher, distributor, etc | Kitab Mahal |
| Date of publication, distribution, etc | 2023 |
| 270 ## - ADDRESS | |
| Address | 4655/21, Ansari Road (G.F.) Daryaganj, New Delhi-110002 |
| City | new delhi |
| Postal code | 110002 |
| 300 ## - PHYSICAL DESCRIPTION | |
| Extent | 339p. |
| Dimensions | 21cm(Pbk) |
| 942 ## - ADDED ENTRY ELEMENTS (KOHA) | |
| Source of classification or shelving scheme | Dewey Decimal Classification |
| Item type | English Books |
| Classification part | 338.5 |
| Call number suffix | CHA |
| Withdrawn status | Lost status | Not for loan | Collection code | Home library | Current library | Date acquired | Source of acquisition | Cost, normal purchase price | Full call number | Barcode | Copy number | Cost, replacement price | Koha item type |
|---|---|---|---|---|---|---|---|---|---|---|---|---|---|
| Non-fiction | Vinoba Puri | Vinoba Puri | 10/08/2023 | DBAD/PUB | 375.00 | 338.5 CHA | EN-121288 | 1 | 375.00 | English Books |
